Millions of monarchs Bunches of beetles
Spremljeno u:
| Glavni autor: | |
|---|---|
| Format: | Knjiga |
| Jezik: | Undetermined |
| Izdano: |
Cambridge, MA.
Havard Univ. Press
2000
|
| Teme: | |
| Oznake: |
Dodaj oznaku
Bez oznaka, Budi prvi tko označuje ovaj zapis!
|
| Thư viện lưu trữ: | Trung tâm Học liệu Trường Đại học Cần Thơ |
|---|
| LEADER | 00522nam a2200193Ia 4500 | ||
|---|---|---|---|
| 001 | CTU_53108 | ||
| 008 | 210402s9999 xx 000 0 und d | ||
| 020 | |b 393000 | ||
| 082 | |a 595.7156 | ||
| 082 | |b W157 | ||
| 100 | |a Gilbert Waldbauer | ||
| 245 | 0 | |a Millions of monarchs | |
| 245 | 0 | |b Bunches of beetles | |
| 260 | |a Cambridge, MA. | ||
| 260 | |b Havard Univ. Press | ||
| 260 | |c 2000 | ||
| 650 | |a insects,social behavior in animals | ||
| 650 | |x behavior | ||
| 980 | |a Trung tâm Học liệu Trường Đại học Cần Thơ | ||